NLSUI OPAC header image

Encyclopedia of modern bodybuilding (Record no. 33958)

MARC details
000 -LEADER
fixed length control field 00429nam a2200157Ia 4500
008 - FIXED-LENGTH DATA ELEMENTS--GENERAL INFORMATION
fixed length control field 160316s1998 xxu||||| |||| 00| 0 eng d
082 ## - DEWEY DECIMAL CLASSIFICATION NUMBER
Classification number 646.750000
Item number SCH
100 ## - MAIN ENTRY--PERSONAL NAME
Personal name Schwarzenegger Arnold
245 ## - TITLE STATEMENT
Title Encyclopedia of modern bodybuilding
250 ## - EDITION STATEMENT
Edition statement
260 ## - PUBLICATION, DISTRIBUTION, ETC.
Place of publication, distribution, etc. New York
Name of publisher, distributor, etc. Simon and Schuster
Date of publication, distribution, etc. 1998
300 ## - PHYSICAL DESCRIPTION
Extent 800p
Other physical details
Dimensions xxi
365 ## - TRADE PRICE
Price amount Rs. 899
650 ## - SUBJECT ADDED ENTRY--TOPICAL TERM
Topical term or geographic name entry element 1. Bodybuilding <br/>2. Exercise<br/>
700 ## - ADDED ENTRY--PERSONAL NAME
Personal name Dobbins Bill
--
Holdings
Withdrawn status Lost status Damaged status Not for loan Home library Current library Shelving location Date acquired Cost, normal purchase price Total Checkouts Full call number Barcode Date last seen Price effective from Koha item type
        . . NAB Compactor 30.05.2017 899.00   646.75 SCH 30337 30.05.2017 30.05.2017 BOOKs